| 000 | 01032nam a22003257a 4500 | ||
|---|---|---|---|
| 003 | CHAP | ||
| 005 | 20220329135041.0 | ||
| 008 | 971013s r 00010 d | ||
| 010 | _a30142 | ||
| 011 | _a31114 | ||
| 035 | _a35226 | ||
| 040 | _cCHAP | ||
| 090 | _aFolleto 1627 | ||
| 100 | 0 | 0 |
_aNakagawa, Shoichiro. _980081 |
| 245 | _aWater requerements and their determination | ||
| 260 |
_aTokio : _bAgricultural Land and Water Resources Development, _c(s.a.) |
||
| 300 | _app. 193-208 | ||
| 590 |
_aBATCH-UPD _b10 _c20130110 _lUCH01 _h0040 |
||
| 590 |
_aBATCH-UPD _b10 _c20130110 _lUCH01 _h1108 |
||
| 590 |
_aBATCH-UPD _b10 _c20130409 _lUCH01 _h2025 |
||
| 590 |
_aBATCH-UPD _b10 _c20130410 _lUCH01 _h0659 |
||
| 590 |
_aBATCH-UPD _b10 _c20130914 _lUCH01 _h1335 |
||
| 590 |
_aCONVERSION _b10 _c20130109 _lUCH01 _h1317 |
||
| 650 | 1 | 4 |
_aEvapotranspiración. _938968 |
| 650 | 1 | 4 |
_aIrrigación. _960366 |
| 650 | 1 | 4 |
_aSuelos _xPercolación. _9110457 |
| 901 | _aBK | ||
| 942 | _cFOLL | ||
| 949 |
_aFolleto 1627 _bBC _cFOLL _d-81371 _eTS1 _i35226 _si |
||
| 999 |
_c30142 _d30142 |
||